000 00456nam a2200181Ia 4500
008 090124s9999 xx 000 0 und d
082 _b116679
100 _aगांगल वसंत
245 _a पंचदशी
250 _a1
260 _c1964
300 _a150
600 _aगांगल वसंत
630 _a पंचदशी
700 _aगांगल वसंत
730 _a पंचदशी
942 _cBOOK
999 _c162765
_d162765